000 00669nam a22001937a 4500
999 _c4275
_d4275
008 180831b xxu||||| |||| 00| 0 spa d
082 1 4 _214
_a330.98
100 1 _96262
_aCardoso, Ciro Flamarion S.
245 1 0 _aHistoria económica de América Latina :
_beconomías de exportación y desarrollo capitalista /
_cCiro Flamarion S. Cardoso, Héctor Pérez Brignoli.
250 _a3a.ed.
260 _aBarcelona :
_bCritica,
_c1984.
300 _a213 p.
650 0 _91282
_aDESARROLLO ECONOMICO Y SOCIAL
650 0 _9555
_aHISTORIA ECONOMICA
651 0 _aAMERICA LATINA
_9735
700 1 _96265
_aPérez Brignoli, Héctor
942 _2ddc
_cLIBRO
980 _8
_gCRON CRON